000 00799nam a2200193Ia 4500
003 GCL
008 140319s9999 xx 000 0 ara d
040 _aGCL /
_cGCL
082 0 4 _a922.1
_bع ا
100 1 _aعبدالله عبدالرحمن بن عبدالرحيم المعلمى
245 1 0 _aاعلام المكيين ( من القرن التاسع الى القرن الرابع عشر ) /
_cعبدالله عبدالرحمن بن عبدالرحيم المعلمى
250 _aالاولى
260 _aالرياض :
_bمؤسسة الفرقان للتراث الاسلامى ،
_c2000
300 _aمتعدد ؛
_c28 سم
650 0 4 _aالعلماء المسلمون
650 0 4 _aالرجال - تراجم
650 0 4 _aالرجال - الحياة الدينية
942 _2ddc
_cBK
999 _c3156
_d3156